Corporation 2020 (Record no. 331846)
[ view plain ]
| 000 -LEADER | |
|---|---|
| fixed length control field | 00491nam a2200169Ia 4500 |
| 008 - FIXED-LENGTH DATA ELEMENTS--GENERAL INFORMATION | |
| fixed length control field | 230718s9999 xx 000 0 und d |
| 020 ## - INTERNATIONAL STANDARD BOOK NUMBER | |
| International Standard Book Number | 9780670086535 |
| 041 ## - LANGUAGE CODE | |
| Language code of text/sound track or separate title | eng |
| 082 ## - DEWEY DECIMAL CLASSIFICATION NUMBER | |
| Classification number | 658.4'08 |
| Item number | SUK |
| 100 ## - MAIN ENTRY--PERSONAL NAME | |
| Personal name | Sukhdev P. |
| 9 (RLIN) | 194197 |
| 245 ## - TITLE STATEMENT | |
| Title | Corporation 2020 |
| Remainder of title | Transforming Business For Tomorrow's World |
| 260 ## - PUBLICATION, DISTRIBUTION, ETC. (IMPRINT) | |
| Date of publication, distribution, etc. | 2012 |
| Name of publisher, distributor, etc. | Portfolio/Penguin |
| 300 ## - PHYSICAL DESCRIPTION | |
| Extent | 275 |
| 365 ## - TRADE PRICE | |
| Currency code | Rs. |
| Price amount | 699.00 |
| 700 ## - ADDED ENTRY--PERSONAL NAME | |
| Personal name | Sukhdev P. |
| 9 (RLIN) | 194197 |
| 906 ## - LOCAL DATA ELEMENT F, LDF (RLIN) | |
| d | O:0321904-Feb-2013B:234216-Jan-2013 |
| c | MGMT |
| b | 153.78 |
| Withdrawn status | Lost status | Damaged status | Not for loan | Home library | Current library | Date acquired | Vendor | Budget Code | Cost, normal purchase price | Bill number | Total Checkouts | Full call number | Barcode | Date last seen | Discount | Cost, replacement price | Bill Date | Koha item type | Original Barcode |
|---|---|---|---|---|---|---|---|---|---|---|---|---|---|---|---|---|---|---|---|
| Cummins College of Engineering for Women Pune | Cummins College of Engineering for Women Pune | 04/02/2013 | Technical Book Services | MGMT | 545.22 | 2342 | 658.4'08 | CCEP-BK-43053 | 18/07/2023 | 153.78 | 699.00 | 16/01/2013 | Books | 043053 |